000 00663nam a2200277Ia 4500
005 20260324115151.0
008 008 260324s9999 xx 000 0 eng d
020 _a9780429202339
037 _aEBOOK
040 _aCRL
040 _beng
040 _cCRL
041 _2eng
041 _aeng
084 _qCRL
100 _aThomas D. Schneid
_91153616
245 0 _aSafety and Human Resource Law for the Safety Professional
260 _bTaylor and Francis
260 _c2019
365 _a
365 _b240
856 _uhttp://www.taylorfrancis.com/books/9780429202339
942 _cEBOOK
999 _c1744299
_d1744299